LEADER 01274nam0-2200373---450- 001 990008567980403321 005 20080612133023.0 035 $a000856798 035 $aFED01000856798 035 $a(Aleph)000856798FED01 035 $a000856798 100 $a20071022g19471948km-y0itay50------ba 101 0 $aita 102 $aIT 105 $aa---j---001yy 200 1 $a<>terra e le sue ricchezze$ecorso di Geografia generale e economica per gli Istituti tecnici commerciali$fRoberto Almagià, Elio Migliorini 210 $aRoma$cPerrella$d1946-1947 215 $a3 v.$cill.$d24 cm 327 1 $a1.: l'Italia, l'Europa, le altre parti del mondo$a2.:Geografia generale, biologica ed antropica$a3.: l'Italia$a4.: 610 0 $aGeografia$aManuali 700 1$aAlmagià,$bRoberto$f<1884-1962>$04190 701 1$aMigliorini,$bElio$f<1902-1988>$031980 801 0$aIT$bUNINA$gRICA$2UNIMARC 901 $aBK 912 $a990008567980403321 952 $a050.001.ALM.01$b25355A-B-C-D$fDECGE 952 $aX-05-028$bIst. 3958$fILFGE 952 $aX-05-029$bIst. 3958$fILFGE 952 $aX-05-030$bIst. 3958$fILFGE 952 $aX-05-031$bIst. s.i.$fILFGE 959 $aDECGE 959 $aILFGE 996 $aTerra e le sue ricchezze$9711568 997 $aUNINA LEADER 01158nam a22002651i 4500 001 991002244519707536 005 20040220120041.0 008 040407s2002 de b 001 0 ger 035 $ab12893080-39ule_inst 035 $aARCHE-087270$9ExL 040 $aDip.to Filologia Class. e Scienze Filosofiche$bita$cA.t.i. Arché s.c.r.l. Pandora Sicilia s.r.l. 082 04$a831 100 1 $aStackmann, Karl$0156384 245 10$aFrauenlob, Heinrich von Mügeln und ihre Nachfolger /$cKarl Stackmann ; herausgegeben von Jens Haustein 260 $aGöttingen :$bWallstein,$cc2002 300 $a237 p. ;$c23 cm 504 $aContiene riferimenti bibliografici 600 14$aMügeln, Heinrich :$cvon 907 $a.b12893080$b02-04-14$c16-04-04 912 $a991002244519707536 945 $aLE007 830 STA 01.01$g1$i2007000074541$lle007$o-$pE0.00$q-$rl$s- $t0$u0$v0$w0$x0$y.i13457238$z16-04-04 945 $aLE007 830 STA 01.01$g2$i2007000083598$lle007$o-$pE0.00$q-$rl$s- $t0$u0$v0$w0$x0$y.i13885984$z30-09-04 996 $aFrauenlob, Heinrich von Mügeln und ihre Nachfolger$9305175 997 $aUNISALENTO 998 $ale007$b16-04-04$cm$da $e-$fger$gde $h0$i1 LEADER 04266oam 2200685I 450 001 9910969142603321 005 20251117094806.0 010 $a1-136-66793-8 010 $a1-283-36370-4 010 $a9786613363701 010 $a0-203-80833-9 010 $a1-136-66794-6 024 7 $a10.4324/9780203808337 035 $a(CKB)2550000000074468 035 $a(EBL)735287 035 $a(OCoLC)778618297 035 $a(SSID)ssj0000554890 035 $a(PQKBManifestationID)12196809 035 $a(PQKBTitleCode)TC0000554890 035 $a(PQKBWorkID)10517730 035 $a(PQKB)10795734 035 $a(MiAaPQ)EBC735287 035 $a(Au-PeEL)EBL735287 035 $a(CaPaEBR)ebr10519622 035 $a(CaONFJC)MIL336370 035 $a(OCoLC)778448086 035 $a(EXLCZ)992550000000074468 100 $a20180706d2012 uy 0 101 0 $aeng 135 $aur|n|---||||| 181 $ctxt 182 $cc 183 $acr 200 00$aHuman rights monitoring mechanisms of the Council of Europe /$fedited by Gauthier de Beco 205 $a1st ed. 210 1$aMilton Park, Abingdon, Oxon ;$aNew York, N.Y. :$cRoutledge,$d2012. 215 $a1 online resource (265 p.) 225 1 $aRoutledge research in human rights law 300 $aDescription based upon print version of record. 311 08$a0-415-85949-2 311 08$a0-415-58162-1 320 $aIncludes bibliographical references and index. 327 $aThe Commissioner for Human Rights / Lauri Sivonen -- The European Committee for the Prevention of Torture and Inhuman or Degrading Treatment or Punishment (the CPT) / Renate Kicker -- The European Committee of Social Rights (the ECSR) / Olivier De Schutter and Matthias Sant'Ana -- The Advisory Committee on the Framework Convention for the Protection of National Minorities (the ACFC) / Gauthier de Beco and Emma Lantschner -- The European Commission against Racism and Intolerance (ECRI) / Lanna Yael Hollo -- The Committee of Experts of the European Charter for Regional or Minority Languages (the CECL) / Robert Dunbar. 330 $a"The book studies the human rights monitoring mechanisms of the Council of Europe. It provides an in-depth examination of six such mechanisms: the Commissioner for Human Rights, the European Committee for the Prevention of Torture and Inhuman or Degrading Treatment or Punishment (the CPT), the European Committee of Social Rights (the ECSR), the Advisory Committee on the Framework Convention for the Protection of National Minorities (the ACFC), the European Commission against Racism and Intolerance (ECRI) and the Committee of Experts of the European Charter for Regional or Minority Languages (the CECL). The human rights monitoring mechanisms of the Council of Europe seek to establish a permanent dialogue with governments to encourage them to better implement human rights treaties. They function principally through the use of national reports, on which basis they make recommendations, and may also visit or question states directly. The book looks at each mechanism in turn, discussing their composition, functions and working methods, as well as their relationship with other actors. It includes both a general discussion of the role of European human rights monitoring mechanisms as well as a comparative analysis of these mechanisms. The book aims to provide a clear understanding of the underlying approach of European human rights monitoring mechanisms and the challenges faced by them in terms of effectiveness. It will be useful for practitioners and students alike, especially those following courses in human rights or related fields"--$cProvided by publisher. 410 0$aRoutledge research in human rights law. 606 $aHuman rights monitoring$zEurope 606 $aHuman rights$zEurope 615 0$aHuman rights monitoring 615 0$aHuman rights 676 $a341.4/8094 676 $a342.4085 686 $aLAW000000$aLAW013000$aLAW016000$2bisacsh 701 $aDe Beco$b Gauthier$0512311 801 0$bMiAaPQ 801 1$bMiAaPQ 801 2$bMiAaPQ 906 $aBOOK 912 $a9910969142603321 996 $aHuman rights monitoring mechanisms of the Council of Europe$94490310 997 $aUNINA